00721nam a2200253Ia 4500008004100000020001500041050001800056050001400074100002600088245005700114245006900171250001600240260001700256260002500273260000900298300001600307300002000323300001100343650002600354650001900380650003000399650001800429650002000447160303s9999 xx 000 0 und d a9710869426 aFIL HG 4515.3 b.M35 2009 aMalaborbor, Pastor B. aMathematics of investment by scientific calculator / cPastor B. Malaborbor, Antonina C. Sta-Maria, Florina G. Salamat. a2nd Edition aMandaluyong: bNational Book Store, c2009 a203 pages : billustrations ; c25 cm. aBusiness mathematics. aInvestments -- aProblems, exercises, etc. x Mathematics. xCalculators --